| 000 | 00478nam a22001811a 4500 | ||
|---|---|---|---|
| 001 | 10031 | ||
| 003 | OSt | ||
| 005 | 20260204212143.0 | ||
| 008 | 070802s2000||||dr ||||||b||||||||||spa|| | ||
| 020 | _a9993401099 | ||
| 050 | _aRD782.42 P616c | ||
| 100 | _aPierret de Morel, Zunilda | ||
| 245 | _aA crecer Cantando/ Zunilda Pierret de Morel | ||
| 264 | _aRepública Dominicana: Amigo del Hogar | ||
| 300 | _a62.p | ||
| 650 | _aCanciones Infantiles y Tít.Ì | ||
| 942 |
_2ddc _cBK |
||
| 999 |
_c10031 _d10031 |
||